000 01000cam a22003137a 4500
003 CHAP
005 20220329133305.0
008 971013s1990 r 00010 d
010 _a4410
011 _a5382
035 _a4589
040 _cCHAP
082 _a637.1
_bC8
111 0 0 _aCurso Tecnología de Lácteos
_d(1990 :
_cMéxico, D.F.)
_930694
245 0 _aTrabajos
260 _aMéxico, D. F. :
_bPrograma Universitario de Alimentos,
_c1990
300 _a89 h.
_b: ilus.
590 _aBATCH-UPD
_b10
_c20130110
_lUCH01
_h1601
590 _aBATCH-UPD
_b10
_c20130410
_lUCH01
_h0958
590 _aBATCH-UPD
_b10
_c20130914
_lUCH01
_h0639
590 _aCONVERSION
_b10
_c20130109
_lUCH01
_h1304
650 1 4 _aBiotecnología.
_912878
650 1 4 _aIndustria lechera.
_957819
650 1 4 _aProductos lácteos.
_992124
710 0 _aAsociación de Tecnólogos en Alimentos de México.
_98007
901 _aBK
942 _cLIBRO
949 _a637.1 C8
_bBC
_cLIBRO
_d33724000103446
_eLIBRO
_h79425
_i4589
_si
999 _c4410
_d4410